|
|
|
|
| LEADER |
00000ny a22000003n 4500 |
| 005 |
20110517110940.0 |
| 008 |
950713c19uu9999sp mr 0 b spa |
| 035 |
|
|
|a 74
|
| 040 |
|
|
|a BUS
|d vLex
|
| 090 |
|
|
|c 2005
|d 2005
|
| 245 |
0 |
0 |
|a Normativa de riesgos laborales
|h [Recurso electrn̤ico]
|
| 256 |
|
|
|a Servicio en ln̕ea
|
| 260 |
|
|
|a Barcelona :
|b vLEX
|
| 650 |
0 |
4 |
|a Seguridad en el trabajo
|x Derecho
|z Espaą
|x Legislacin̤
|
| 710 |
1 |
|
|a Espaą.
|t Leyes, etc. de seguridad e higiene en el trabajo
|
| 740 |
0 |
|
|a vLex Revista (Servicios en ln̕ea)
|
| 843 |
|
|
|a Electrn̤ica. Cerrada
|
| 853 |
|
|
|8 1
|i (year)
|j (month)
|k (day)
|
| 856 |
4 |
0 |
|z Acceso restringido
|u http://vlex.com/account/login_ip?fuente_id=74
|
| 942 |
|
|
|c REV
|